000 00549nam a2200229Ia 4500
001 7378
003 14996
005 20241016063153.0
008 ||||||n9999 ||| || ||
041 _aspa
082 _220
_a352
100 _aCarrasquero Martinez, Otto
_912757
245 0 _aLa administracion municipal en Venezuela
260 _aVenezuela :
_bFUNDACOMUN,
_c1984.
300 _a59p
562 _e1
650 0 _aAdministración municipal
_92520
650 _aVENEZUELA
_9202
942 _cBKM
999 _c7378
_d7378
526 _a51868
526 _a1697